[Event "FSIMB March"]
[Site "Budapest HUN"]
[Date "2003.03.11"]
[Round "11"]
[White "Farago,S"]
[Black "Kovacs,Ga1"]
[Result "1/2-1/2"]
[WhiteElo "2334"]
[BlackElo "2186"]

1.e4 c5 2.Nf3 e6 3.d4 cxd4 4.Nxd4 Nc6 5.Nb5 d6 6.c4 Nf6 7.N5c3 Be7 8.Be2 O-O
9.O-O b6 10.Bf4 a6 11.Qd2 Qc7 12.Rd1 Ne5 13.Na3 Bb7 14.f3 Rac8 15.Rac1 Rfd8
16.Kh1 Qb8 17.Bg3 h6 18.f4 Ng6 19.Qe3 Qa8 20.Bf3 d5 21.exd5 Bc5 22.Qe2 exd5
23.Nxd5 Nxd5 24.cxd5 Re8 25.Qf1 Rcd8 26.Nc4 Bxd5 27.Bxd5 Rxd5 28.b4 Rxd1
29.Rxd1 Bxb4 30.f5 Nf8 31.Nxb6 Qe4 32.Nd5 a5 33.f6 Rd8 34.Ne7+ Bxe7 35.Re1 Qxe1
36.Qxe1 Bxf6 37.h3 a4 38.Qa5 Rd4 39.Qa8 h5 40.Bf2 Rd1+ 41.Kh2 h4 42.Bc5 Be5+
43.g3 hxg3+ 44.Kg2 Bd6 45.Bxd6 Rxd6 46.Qxa4 Rd3 47.Qa8 g5 48.Kf1 Rd2 49.Qa5 Rf2+
50.Kg1 Ne6 51.Qd5 Kh7 52.Qd3+ Kh6 53.a4 Rf4 54.a5 Nd4 55.Kg2 Nf5 56.a6 Kg6
57.a7 Rf2+ 58.Kg1 Ra2 59.Qb1 Ra6 60.Kg2 f6 61.Qb7 Ra2+ 62.Kg1 Ra1+ 63.Kg2 Ra2+
64.Kg1 Ra1+  1/2-1/2

[Event "Stroer Trophy"]
[Site "Cannes FRA"]
[Date "2003.03.14"]
[Round "8"]
[White "Leconte,JO"]
[Black "Milliet,S"]
[Result "0-1"]
[WhiteElo "2302"]
[BlackElo "2231"]

1.e4 c5 2.Nf3 e6 3.d4 cxd4 4.Nxd4 Nc6 5.Nb5 d6 6.a4 a6 7.N5c3 Nf6 8.Be2 Be7
9.O-O O-O 10.Be3 Qc7 11.Na3 b6 12.f4 Rd8 13.Bf3 Rb8 14.Rf2 Bb7 15.Rd2 Nb4
16.Kh1 d5 17.e5 Ne4 18.Bxe4 dxe4 19.a5 bxa5 20.Rxd8+ Rxd8 21.Qg1 Nd5 22.Nxd5 Rxd5
23.c4 Rd3 24.c5 Bd5 25.Rc1 Qb7 26.Qf2 Qb3 27.Re1 h5 28.h3 g6 29.Kh2 a4 30.Nb1 Bc6
31.Na3 Bd8 32.Re2 Ba5 33.Bd4 Bb4 34.Nc2 a5 35.Qh4 Qd5 36.f5 Rxd4 37.Qf6 gxf5
38.Qg5+ Kf8 39.Qh6+ Ke8 40.Qh8+ Kd7 41.Ne3 Qxc5 42.Rc2 Qb5 43.Nxf5 exf5 44.e6+ Kxe6
45.Qxd4 Bd6+ 46.g3 Qd3 47.Qc3 Qxc3 48.Rxc3 Bd5 49.Kg2 Be5 50.Rc2 e3+ 51.Kf1 Bxg3
52.Ke2 f4 53.Rc5 Bf2  0-1

[Event "National I"]
[Site "Bordeaux FRA"]
[Date "2003.04.06"]
[Round "6"]
[White "Sorin,B"]
[Black "Salaun,Y"]
[Result "1-0"]
[WhiteElo "2066"]
[BlackElo "2386"]

1.e4 c5 2.Nf3 e6 3.d4 cxd4 4.Nxd4 Nc6 5.Nb5 d6 6.Bf4 e5 7.Be3 a6 8.N5c3 Nf6
9.Bc4 Be7 10.Nd5 O-O 11.Nbc3 b5 12.Bb3 Rb8 13.O-O a5 14.a4 bxa4 15.Rxa4 Bd7
16.Ra1 Ng4 17.Bc1 Bg5 18.h3 Bxc1 19.Qxc1 Nh6 20.g4 Kh8 21.Ne2 Qh4 22.Qe3 Ng8
23.Bc4 h5 24.f3 Nd4 25.Qf2 Qxh3 26.Nxd4  1-0

[Event "FSGM April"]
[Site "Budapest HUN"]
[Date "2003.04.10"]
[Round "6"]
[White "Seres,L"]
[Black "Jakobsen,O"]
[Result "1-0"]
[WhiteElo "2440"]
[BlackElo "2376"]

1.e4 c5 2.Nf3 e6 3.d4 cxd4 4.Nxd4 Nc6 5.Nb5 d6 6.Bf4 e5 7.Be3 Be6 8.Nd2 a6
9.Nc3 Rc8 10.Nc4 Nd4 11.Bxd4 Bxc4 12.Bxc4 Rxc4 13.Be3 Nf6 14.Qd3 Qc8 15.Bg5 Rd4
16.Qe2 Be7 17.Bxf6 Bxf6 18.Rd1 Rxd1+ 19.Qxd1 Qc6 20.O-O O-O 21.Nd5 Bd8 22.Qd3 g6
23.Rd1 Qc8 24.Qb3 Kg7 25.Rd3 Qd7 26.Qb4 Re8 27.Rb3 b5 28.c4 Qc6 29.Rc3 Bg5
30.cxb5 Qxb5 31.Qxb5 axb5 32.f3 Ra8 33.a3 Ra4 34.Rb3 Rc4 35.Rxb5 Rc1+ 36.Kf2 Rc2+
37.Kg3 Bc1 38.b4 Bxa3 39.Ra5 Bc1 40.Ra6 Rb2 41.Rxd6 Bd2 42.Rb6 Be1+ 43.Kh3 Bf2
44.Rb7 h5 45.Ne7 Rb3 46.Nc6 g5 47.Nxe5 g4+ 48.Nxg4 hxg4+ 49.Kxg4 Bc5 50.b5 Rb2
51.Kg3 Bf2+ 52.Kh3 Be3 53.e5  1-0

[Event "TS"]
[Site "Belgrade YUG"]
[Date "2003.04.22"]
[Round "4"]
[White "Yeo,M"]
[Black "Todorovic,V"]
[Result "1-0"]
[WhiteElo "2251"]
[BlackElo "2153"]

1.e4 c5 2.Nf3 e6 3.d4 cxd4 4.Nxd4 Nc6 5.Nb5 d6 6.Bf4 e5 7.Be3 Nf6 8.Bg5 Qa5+
9.Qd2 Nxe4 10.Qxa5 Nxa5 11.Be3 Kd7 12.f3 Nf6 13.Bxa7 d5 14.f4 Nc6 15.Bb6 Ra6
16.Bg1 exf4 17.N1c3 Bb4 18.O-O-O Rd8 19.a3 Ba5 20.Bc5 Bb6 21.Bxb6 Rxb6 22.Na4 Rxb5
23.Bxb5 Kc7 24.Nc3 d4 25.Ne2 Bg4 26.Rhf1 Nd5 27.Rd2 g5 28.Bxc6 bxc6 29.Nxd4 Ne3
30.Re1 Nc4 31.Rd3 Ne3 32.Rg1 h5 33.Nf3 f6 34.Ne1 Re8 35.Rd2 Nd5 36.Nf3 Ne3
37.Rf2 Rd8 38.Nd2 Rd7 39.Re1 Bf5 40.Nf1 Ng4 41.Rd2 Rxd2 42.Kxd2 Ne5 43.Re2 h4
44.a4 h3 45.g3 Bg4 46.Rf2 Nc4+ 47.Kc1 Nd6 48.gxf4 Ne4 49.Rd2 Nxd2 50.Kxd2 gxf4
51.b4 Kb6 52.Ke1 c5 53.b5 Ka5 54.Nd2 Bf5 55.Nc4+ Kxa4 56.b6 Be4 57.Nd6 Bd5
58.b7 Bxb7 59.Nxb7 Kb4 60.Ke2 c4 61.Kf3 Kc3 62.Nd6  1-0

[Event "XXI Open"]
[Site "Metz FRA"]
[Date "2003.04.22"]
[Round "4"]
[White "Bruned,Y"]
[Black "Sprenger,J"]
[Result "0-1"]
[WhiteElo "2125"]
[BlackElo "2431"]

1.e4 c5 2.Nf3 e6 3.d4 cxd4 4.Nxd4 Nc6 5.Nb5 d6 6.c4 Nf6 7.N1c3 a6 8.Na3 Be7
9.Be2 O-O 10.O-O b6 11.Be3 Bb7 12.Rc1 Ne5 13.f4 Ned7 14.Bf3 Rc8 15.Qd4 Qc7
16.b4 Qb8 17.Rfd1 Rfd8 18.Ne2 Qc7 19.Ng3 Qb8 20.Nc2 Qa8 21.Qd3 Rc7 22.a4 Rdc8
23.Na3 d5 24.exd5 Bxb4 25.dxe6 Bxf3 26.exf7+ Kxf7 27.gxf3 Bxa3 28.Ne4 Bxc1
29.Nd6+ Kg8 30.Rxc1 Nc5 31.Qf5 Qxf3 32.Rf1 Qg4+ 33.Qxg4 Nxg4 34.Nxc8 Rxc8  0-1

[Event "Capablanca Mem Mixto"]
[Site "Havana CUB"]
[Date "2003.05.08"]
[Round "3"]
[White "Marrero,Y"]
[Black "Collazo,N"]
[Result "0-1"]
[WhiteElo "2212"]
[BlackElo "2204"]

1.e4 c5 2.Nf3 e6 3.d4 cxd4 4.Nxd4 Nc6 5.Nb5 d6 6.c4 Nf6 7.N5c3 Be7 8.g3 b6
9.Bg2 Bb7 10.O-O O-O 11.Be3 Rc8 12.h3 Ba8 13.Qe2 Ne5 14.b3 Re8 15.f4 Ng6
16.Qf2 Bf8 17.Rd1 Qc7 18.a4 Nd7 19.a5 Nc5 20.axb6 axb6 21.Nd2 d5 22.exd5 exd5
23.Nb5 Qe7 24.Bd4 dxc4 25.Ra7 Qd8 26.Rxa8 Rxa8 27.Bxa8 Nd3 28.Qf1 Qxa8 29.bxc4 Qa4
30.Bxb6 Nb2 31.Rc1 Qb4 32.Nf3 Bc5+ 33.Bxc5 Qxc5+ 34.Qf2 Qxf2+ 35.Kxf2 Nd3+
36.Kf1 Nxc1 37.c5  0-1

[Event "National I"]
[Site "Clermont-Ferrand FRA"]
[Date "2003.05.09"]
[Round "9"]
[White "Peter,S"]
[Black "Marchadour,C"]
[Result "1-0"]
[WhiteElo "2240"]
[BlackElo "2106"]

1.e4 c5 2.Nf3 e6 3.d4 cxd4 4.Nxd4 Nc6 5.Nb5 d6 6.c4 a6 7.N5c3 Nf6 8.Na3 Be7
9.Be2 O-O 10.O-O b6 11.Be3 Bb7 12.Qb3 Nd7 13.Rfd1 Qc7 14.Na4 Na5 15.Qb4 Nc6
16.Bxb6 Nxb4 17.Bxc7 d5 18.exd5 exd5 19.Bf3 Rfc8 20.Bf4 g5 21.Bg3 Nc5 22.Nb6 Rc6
23.Nxd5 Nxd5 24.cxd5 Rb6 25.Nc4 Rb4 26.b3 f5 27.Be5 g4 28.d6 Bd8 29.Bd5+ Bxd5
30.Rxd5 Nd7 31.Bc3 Rbb8 32.Ne3  1-0

[Event "1st Stage Russian Cup"]
[Site "Tomsk RUS"]
[Date "2003.07.05"]
[Round "2"]
[White "Gajsin,E"]
[Black "Bocharov,D"]
[Result "0-1"]
[WhiteElo "2389"]
[BlackElo "2526"]

1.e4 c5 2.Nf3 Nc6 3.d4 cxd4 4.Nxd4 e6 5.Nb5 d6 6.c4 Nf6 7.N1c3 a6 8.Na3 Be7
9.Be2 O-O 10.O-O b6 11.Be3 Ne5 12.f3 Bb7 13.Qd2 Qc7 14.Rfd1 Rac8 15.Rac1 Rfe8
16.Bf1 Ned7 17.Kh1 Qb8 18.Nc2 h6 19.Qf2 Bd8 20.Nd4 Bc7 21.Nde2 Ne5 22.b3 d5
23.Bxb6 dxe4 24.Bxc7 Qxc7 25.fxe4 Bxe4 26.Qg3 Bb7 27.Rd2 Nh7 28.Rcd1 f5 29.h3 Nf6
30.Nd4 Nh5 31.Qh4 Qf7 32.Qe1 Ng6 33.Nde2 f4 34.Rd7 Re7 35.Rxe7 Qxe7 36.Nd4 Ng3+
37.Kh2 e5 38.Nde2 Nf5 39.Nd5 Bxd5 40.Rxd5 Ne3 41.Rd2 Qg5 42.Nc3 Qg3+ 43.Qxg3 fxg3+  0-1

[Event "3rd Savaria Summer Open"]
[Site "Szombathely HUN"]
[Date "2003.07.19"]
[Round "1"]
[White "Tomasic,R"]
[Black "Markus,R"]
[Result "0-1"]
[WhiteElo "2087"]
[BlackElo "2500"]

1.e4 c5 2.Nf3 e6 3.d4 cxd4 4.Nxd4 Nc6 5.Nb5 d6 6.c4 Nf6 7.N1c3 a6 8.Na3 Be7
9.Be2 O-O 10.O-O b6 11.Nc2 Bb7 12.b3 Nb8 13.Bd3 Nbd7 14.Bb2 Qc7 15.Qe2 Rac8
16.Rac1 Qb8 17.Nd4 Rfe8 18.Bb1 Bf8 19.Rfe1 g6 20.Qd2 Ba8 21.f3 Bg7 22.Red1 Rcd8
23.Nde2 Ne5 24.Ba3 d5 25.exd5 exd5 26.cxd5 Nxd5 27.Ne4 f5 28.N4g3 Nf7 29.Bd3 Ne3
30.Re1 Ne5 31.Nf4 Nxf3+ 32.gxf3 Qxf4 33.Bc4+ Kh8 34.Rxe3 Qxe3+ 35.Qxe3 Rxe3
36.Ne2 b5 37.Bc5 Ree8  0-1

[Event "3rd Savaria Summer Open"]
[Site "Szombathely HUN"]
[Date "2003.07.20"]
[Round "2"]
[White "Kosa,G"]
[Black "Horvath,Gy1"]
[Result "0-1"]
[WhiteElo "2055"]
[BlackElo "2443"]

1.e4 c5 2.Nf3 e6 3.d4 cxd4 4.Nxd4 Nc6 5.Nb5 d6 6.c4 Nf6 7.N1c3 a6 8.Na3 Be7
9.Be2 b6 10.O-O Bb7 11.f4 O-O 12.Be3 Nb8 13.Bf3 Nbd7 14.Nab1 Nc5 15.Nd2 d5
16.cxd5 exd5 17.Nxd5 Nxd5 18.exd5 Bxd5 19.Bxd5 Qxd5 20.Qf3 Rad8 21.Qxd5 Rxd5
22.Nf3 Bf6 23.Rab1 Na4 24.g4 b5 25.Rf2 Re8 26.b3 Nc3 27.Re1 Rd1 28.Bd2 Rdxe1+
29.Bxe1 Ne2+ 30.Kg2 Nxf4+ 31.Kg3 Nd3 32.Rc2 h5 33.Ba5 hxg4 34.Kxg4 Re4+ 35.Kg3 Ne5
36.Rc8+ Kh7 37.Nxe5 Bxe5+ 38.Kf3 Rh4 39.Rc2 Rxh2 40.Rxh2+ Bxh2 41.Ke4 Kg6
42.Kd5 f5 43.Be1 f4 44.Kc6 Bg3 45.Bc3 f3 46.Bd4 Kf5 47.Kb6 f2 48.Bxf2 Bxf2+  0-1

[Event "3rd Savaria Summer Open"]
[Site "Szombathely HUN"]
[Date "2003.07.20"]
[Round "2"]
[White "Ruck,T"]
[Black "Kovac,M"]
[Result "1/2-1/2"]
[WhiteElo "2339"]
[BlackElo "2114"]

1.e4 c5 2.Nf3 e6 3.d4 cxd4 4.Nxd4 Nc6 5.Nb5 d6 6.c4 a6 7.N5c3 Nf6 8.g3 Be7
9.Bg2 O-O 10.O-O Qc7 11.b3 b6 12.Bb2 Bb7 13.Na3 Rfd8 14.Rc1 Ne5 15.Qe2 Rac8
16.f4 Ned7 17.Kh1 Nc5 18.Nc2 Qb8 19.Rce1 b5 20.cxb5 axb5 21.b4 Na4 22.Nxa4 bxa4
23.Nd4 d5 24.e5 Ne4 25.a3 g6 26.Rc1 Rxc1 27.Rxc1 Rc8 28.Rxc8+ Qxc8 29.Kg1 Ba6
30.Qc2 Qxc2 31.Nxc2 Nd2 32.Ne3 Bd8 33.Bd4 Nb1 34.Nc2 Bc4 35.Bf1 Bb3 36.Bd3 Nd2
37.Kf2 Nc4 38.Bxc4 Bxc4 39.Ne3 Bb5 40.Ke1 Kf8 41.Kd2 Ke8 42.h4 Kd7 43.Ng4 h5
44.Ne3 Bc7 45.Bc5 Bd8 46.Nc2 Kc7 47.Nd4 Bc4 48.Kc3 Kb7 49.Kd2 Bc7 50.Ke3 Bd8
51.Kf3 Bd3 52.Ke3 Bc4 53.Nf3 Bb5 54.Nd2 Ba6 55.Nb1 Bb5 56.Nc3 Kc6 57.Kd4 Bc7
58.Be7 Bb6+ 59.Bc5 Bc7 60.Ke3 Bd8  1/2-1/2

[Event "3rd Savaria Summer Open"]
[Site "Szombathely HUN"]
[Date "2003.07.21"]
[Round "3"]
[White "Szieberth,A"]
[Black "Markus,R"]
[Result "1/2-1/2"]
[WhiteElo "2376"]
[BlackElo "2500"]

1.e4 c5 2.Nf3 e6 3.d4 cxd4 4.Nxd4 Nc6 5.Nb5 d6 6.Bf4 e5 7.Be3 a6 8.N5c3 Nf6
9.Bg5 Be7 10.Bxf6 Bxf6 11.Nd2 Be6 12.Bc4 O-O 13.Bd5 Rc8 14.Nc4 b5 15.Ne3 Bg5
16.Bxc6 Bxe3 17.fxe3 Rxc6 18.O-O Qg5 19.Qd2 b4 20.Nd5 Bxd5 21.Rf5 Qg4 22.exd5 Rc5
23.Rf2 Qe4 24.Rd1 Rfc8 25.Qd3 Qxd3 26.cxd3 Rxd5 27.d4 f6 28.Rfd2 Kf7 29.Kf2 Ke6
30.Kf3 a5 31.g4 Rh8 32.Rc1 h5 33.Rc7 hxg4+ 34.Kxg4 exd4 35.exd4 Rg5+ 36.Kf4 Rh4+
37.Ke3 Rgh5 38.Rxg7 Kd5 39.Ra7 Rh3+ 40.Kf4 Rxh2 41.Rxa5+ Kc4 42.b3+ Kc3 43.Rxh2 Rxa5
44.Ke3 d5 45.Rh5 Rxa2 46.Rxd5 Ra6 47.Rc5+ Kxb3 48.d5 Ka3 49.Rc6 Ra5 50.Kd4 b3
51.Rxf6 Rb5 52.Kc4 Ra5 53.Rf3 Ra4+ 54.Kc5 Ka2 55.d6 b2 56.Rf2 Ka1 57.Rxb2 Kxb2
58.d7  1/2-1/2

[Event "TCh-Europe u18"]
[Site "Balatonlelle HUN"]
[Date "2003.07.22"]
[Round "4"]
[White "Borisek,J"]
[Black "Navara,D"]
[Result "0-1"]
[WhiteElo "2443"]
[BlackElo "2608"]

1.e4 c5 2.Nf3 e6 3.d4 cxd4 4.Nxd4 Nc6 5.Nb5 d6 6.Bf4 e5 7.Be3 Nf6 8.Bg5 Be6
9.Nd2 Be7 10.Bxf6 Bxf6 11.Nc4 O-O 12.Qxd6 Qc8 13.c3 Rd8 14.Qc7 Be7 15.Qxc8 Raxc8
16.Nba3 Nd4 17.cxd4 Bb4+ 18.Ke2 Bxc4+ 19.Nxc4 Rxc4 20.Kf3 Rcxd4 21.Be2 R8d6
22.Rhd1 Bc5 23.Rxd4 Bxd4 24.Rc1 h5 25.Rc8+ Kh7 26.Rc7 Rf6+ 27.Kg3 h4+ 28.Kh3 Rxf2
29.Bh5 g6 30.Bd1 Kh6 31.Rxb7 f5 32.Bf3 Kg5 33.Rb3 Bxb2 34.g3 Bd4 35.a3 hxg3
36.Kxg3 f4+ 37.Kh3 Ra2 38.Rd3 a5 39.Bg2 a4 40.Bf3 Bg1 41.Bg2 Bc5  0-1

[Event "ch-COL"]
[Site "Cali COL"]
[Date "2003.07.22"]
[Round "1"]
[White "Martinez,Cr"]
[Black "Zapata,A"]
[Result "0-1"]
[WhiteElo "2279"]
[BlackElo "2543"]

1.e4 c5 2.Nf3 e6 3.d4 cxd4 4.Nxd4 Nc6 5.Nb5 d6 6.Bf4 e5 7.Be3 Be6 8.N1c3 Nf6
9.Nd5 Bxd5 10.exd5 Nb8 11.c4 a6 12.Nc3 Be7 13.Be2 Nbd7 14.O-O O-O 15.Qd2 Ne8
16.b4 f5 17.f3 Rc8 18.Na4 f4 19.Bf2 Bh4 20.Bd3 Bxf2+ 21.Qxf2 e4 22.fxe4 Ne5
23.Qe2 Qg5 24.Kh1 Nf6 25.Rf3 Nfg4 26.Raf1 Ne3 27.Nb6 Nxf1 28.Rxf1 Rc7 29.Qd1 Rf6
30.Be2 Rh6 31.Qe1 Rf7 32.Bf3 Rh4 33.h3 Rf6 34.c5 Rfh6 35.Kh2 Nd3  0-1

[Event "3rd Savaria Summer Open"]
[Site "Szombathely HUN"]
[Date "2003.07.22"]
[Round "4"]
[White "Pap,P"]
[Black "Sardy,P"]
[Result "0-1"]
[WhiteElo "2161"]
[BlackElo "2326"]

1.e4 c5 2.Nf3 e6 3.d4 cxd4 4.Nxd4 Nc6 5.Nb5 d6 6.c4 Nf6 7.N1c3 a6 8.Na3 Be7
9.Be2 O-O 10.O-O b6 11.Be3 Bb7 12.f3 Nd7 13.Qe1 Bf6 14.Rc1 Qe7 15.Qf2 Nc5
16.Rfd1 Nb4 17.Nab1 a5 18.Rd2 a4 19.Rcd1 Rfd8 20.Bd4 Be5 21.f4 Bxd4 22.Qxd4 Rd7
23.Na3 Rad8 24.Qe3 Qh4 25.Nab5 e5 26.g3 exf4 27.gxf4 Ne6 28.Rf1 Nc5 29.Bf3 Nc6
30.Nd5 Qh6 31.Nxb6 Re7 32.Bg2 Ne5 33.Qxc5 Ng4 34.h3 Ree8 35.Rxd6 Qh4  0-1

[Event "ch-COL"]
[Site "Cali COL"]
[Date "2003.07.23"]
[Round "3"]
[White "Echavarria,J"]
[Black "Diaz Cordoba,F"]
[Result "1/2-1/2"]
[WhiteElo "2351"]
[BlackElo "2235"]

1.e4 c5 2.Nf3 e6 3.d4 cxd4 4.Nxd4 Nc6 5.Nb5 d6 6.Bf4 e5 7.Be3 a6 8.N5c3 Nf6
9.Bg5 Be7 10.Bxf6 Bxf6 11.Nd2 O-O 12.Nc4 b5 13.Qxd6 bxc4 14.Qxc6 Be6 15.Be2 Qb8
16.Rb1 Rc8 17.Qa4 Qb6 18.O-O Rc5 19.Nd5 Bxd5 20.exd5 Rxd5 21.Bf3 Ra5 22.Qxc4 Rf8
23.b4 Ra3 24.Bd5 g6 25.Rfd1 Kg7 26.Rd3 Rxd3 27.Qxd3 a5 28.a3 axb4 29.axb4 Be7
30.Qe3 Qc7 31.c4 Rb8 32.Qe1 Qd6 33.b5 Qc7 34.Ra1 Bc5 35.g3 Bd4 36.Ra3 Rb6
37.Rf3 Rf6 38.Rxf6 Kxf6 39.Kg2 Kg7 40.Qd2 Qc5 41.g4 h6 42.Qe2 Qa7 43.Qf3 Qc7
44.h3 Qa7 45.h4 Qe7 46.h5 gxh5 47.gxh5 Qg5+ 48.Qg3 Qxg3+ 49.fxg3 f5 50.Kf3 Kf6
51.g4 e4+ 52.Bxe4 fxg4+ 53.Kxg4 Ke5 54.Kf3 Bb6 55.Bg6 Kd4 56.Bf7 Kc5 57.Ke4 Bd8
58.Kf5 Bg5 59.Bd5 Be3 60.Ke6 Bf4  1/2-1/2

[Event "ch-COL"]
[Site "Cali COL"]
[Date "2003.07.24"]
[Round "5"]
[White "Carvajal,No"]
[Black "Diaz Cordoba,F"]
[Result "0-1"]
[WhiteElo "2300"]
[BlackElo "2235"]

1.e4 c5 2.Nf3 e6 3.d4 cxd4 4.Nxd4 Nc6 5.Nb5 d6 6.c4 Nf6 7.N1c3 a6 8.Na3 Be7
9.Be2 O-O 10.O-O Bd7 11.Nc2 Na7 12.a4 Bc6 13.f3 a5 14.Be3 Nc8 15.Kh1 Nd7
16.Nd4 Nc5 17.Qc2 Bf6 18.Rfd1 Qe7 19.Rd2 Na6 20.Rad1 Nb4 21.Qc1 g5 22.Ndb5 Kh8
23.Nxd6 Nxd6 24.Rxd6 Rg8 25.g3 Be5 26.R6d2 f5 27.Bf1 f4 28.Bd4 Bxd4 29.Rxd4 g4
30.gxf4 gxf3 31.Qd2 Qg7 32.Bh3 Qh6 33.Rd6 Rae8 34.Qd4+ Rg7 35.Rg1 e5 36.Qxe5 Rxe5
37.Rxh6 Bxe4 38.Nxe4 Rxe4 39.Re6 Re2 40.Rf1 Nd3 41.Rxf3 Nf2+ 42.Rxf2 Rxf2  0-1

[Event "TCh-Europe u18"]
[Site "Balatonlelle HUN"]
[Date "2003.07.25"]
[Round "6"]
[White "Borisek,J"]
[Black "Braun,A"]
[Result "1/2-1/2"]
[WhiteElo "2443"]
[BlackElo "2366"]

1.e4 c5 2.Nf3 e6 3.d4 cxd4 4.Nxd4 Nc6 5.Nb5 d6 6.c4 a6 7.N5c3 Nf6 8.Be2 b6
9.O-O Ne5 10.Be3 Qc7 11.Na3 Be7 12.Rc1 O-O 13.f3 Bb7 14.Qe1 Rac8 15.Qf2 Ned7
16.Rfd1 Qb8 17.Kh1 Bd8 18.Rd2 Bc7 19.Rcd1 Rfe8 20.Bf4 Ne5 21.Bxe5 dxe5 22.c5 bxc5
23.Nc4 Qa7 24.Na4 Bb8 25.Nab6 Rc6 26.Rd8 Bc7 27.Rxe8+ Nxe8 28.Nd7 f6 29.b4 Bc8
30.Nxc5 a5 31.a3 axb4 32.axb4 Bb6 33.Nxb6 Qxb6 34.Qe1 Rd6 35.Rxd6 Qxd6 36.h3 Kf7
37.Qc3 Qd4 38.Qb3 Nd6 39.Kh2 h5 40.Ba6 Bxa6 41.Qxe6+ Kg6 42.Nxa6 Qd2 43.Qd5 Qf4+
44.g3 Qxf3 45.Qxd6  1/2-1/2

[Event "3rd Savaria Summer Open"]
[Site "Szombathely HUN"]
[Date "2003.07.25"]
[Round "7"]
[White "Nemeth,Mi"]
[Black "Markus,R"]
[Result "0-1"]
[WhiteElo "2285"]
[BlackElo "2500"]

1.e4 c5 2.Nf3 e6 3.d4 cxd4 4.Nxd4 Nc6 5.Nb5 d6 6.c4 Nf6 7.N5c3 Be7 8.g3 b6
9.Bg2 Bb7 10.O-O O-O 11.b3 Nd7 12.Bb2 Nc5 13.Na3 Ne5 14.Qe2 Ned3 15.Rad1 Nxb2
16.Qxb2 a6 17.f4 Qc7 18.Nc2 Rac8 19.Nd4 Bf6 20.Kh1 Nd7 21.a4 Rcd8 22.Rd2 Rfe8
23.Rfd1 Nf8 24.Qc1 Qb8 25.Nde2 Be7 26.Qc2 h6 27.Nc1 Nh7 28.Nd3 Nf6 29.Nf2 Ba8
30.Qd3 Qc7 31.h3 Kh8 32.Kh2 Rg8 33.Qe3 Nh7 34.Ng4 h5 35.Nf2 g5 36.f5 Bf6
37.Kh1 Qe7 38.fxe6 fxe6 39.Ne2 Qc7 40.Bf3 h4 41.Bg4 hxg3 42.Nxg3 Qe7 43.Nh5 Be5
44.Nd3 Bc3 45.Re2 Nf6 46.Nf2 Be5 47.Qxb6 Nxh5 48.Bxh5 Rdf8 49.Bg4 Rf4 50.c5 Qh7
51.Kg2 Rgf8 52.c6 Qh4 53.Rd3 Bxc6 54.Qe3 Rxf2+ 55.Rxf2 Bxe4+ 56.Bf3 Qg3+
57.Kf1 Bxd3+ 58.Qxd3 Qxh3+ 59.Ke2 g4 60.Be4 Rxf2+ 61.Kxf2 Qxd3 62.Bxd3 a5
63.Be2 g3+ 64.Ke3 Kg7 65.Bf3 Kf6 66.Bg2 d5 67.Bh3 Ke7 68.Kf3 Bd6 69.Ke3 e5
70.Bg2 Bc5+ 71.Kf3 Bf2 72.Kg4 Ke6 73.Bh3 e4  0-1

[Event "ch-COL"]
[Site "Cali COL"]
[Date "2003.07.26"]
[Round "9"]
[White "Echavarria,J"]
[Black "Zapata,A"]
[Result "0-1"]
[WhiteElo "2351"]
[BlackElo "2543"]

1.e4 c5 2.Nf3 e6 3.d4 cxd4 4.Nxd4 Nc6 5.Nb5 d6 6.Bf4 e5 7.Be3 Be6 8.N1c3 a6
9.Na3 Nf6 10.Nc4 Be7 11.Nd5 Bxd5 12.exd5 Na7 13.Nb6 Rb8 14.a4 O-O 15.Be2 Nc8
16.a5 Nxb6 17.Bxb6 Qe8 18.O-O Nd7 19.Be3 f5 20.f3 f4 21.Bf2 Qh5 22.g4 Qh3
23.Re1 Bh4 24.Bxh4 Qxh4 25.Bd3 Nc5 26.b4 Nxd3 27.Qxd3 h5 28.gxh5 Qxh5 29.c4 Rf5
30.Ra2 Rg5+ 31.Rg2 Rxg2+ 32.Kxg2 Kf7 33.Re2 Kf6 34.Kh1 g5 35.Rg2 Qh3 36.c5 Rh8
37.c6 g4 38.cxb7 Qxf3 39.Qxf3 gxf3 40.b5 e4 41.Rc2 Rg8 42.bxa6 e3 43.Rc8 f2
44.Rxg8 f1=Q+  0-1

[Event "ch-NED Open"]
[Site "Dieren NED"]
[Date "2003.07.29"]
[Round "7"]
[White "Tan,Mat"]
[Black "Van der Elburg,F"]
[Result "1/2-1/2"]
[WhiteElo "2158"]
[BlackElo "2228"]

1.e4 c5 2.Nf3 e6 3.d4 cxd4 4.Nxd4 Nc6 5.Nb5 d6 6.c4 Nf6 7.N1c3 a6 8.Na3 d5
9.exd5 exd5 10.cxd5 Nb4 11.Bc4 Bg4 12.Qd4 b5 13.Bb3 Bc5 14.Qe5+ Kf8 15.Qg3 h5
16.h4 Nfxd5 17.Nxd5 Nxd5 18.O-O Bd6 19.Qd3 Nb4 20.Qe4 Ra7 21.Bf4 Bxf4 22.Qxf4 Nd3
23.Rad1 Bxd1 24.Rxd1 Re7 25.Qf3 Rh6 26.Rxd3 Re1+ 27.Kh2 Qxh4+ 28.Qh3 Qxf2
29.Rd8+ Re8 30.Rxe8+ Kxe8 31.Qc8+ Ke7 32.Qc7+ Ke8  1/2-1/2

[Event "HZ Open"]
[Site "Vlissingen NED"]
[Date "2003.08.05"]
[Round "5"]
[White "Leuw,M"]
[Black "Stellwagen,D"]
[Result "0-1"]
[WhiteElo "2201"]
[BlackElo "2462"]

1.e4 c5 2.Nf3 e6 3.d4 cxd4 4.Nxd4 Nc6 5.Nb5 Nf6 6.Bf4 e5 7.Bg5 d6 8.c4 a6
9.N5c3 Be7 10.Be2 O-O 11.Be3 Be6 12.O-O Rc8 13.Na3 Qd7 14.Nd5 Bd8 15.Qd3 Bxd5
16.cxd5 Nd4 17.Bxd4 exd4 18.Qxd4 Qe7 19.Rfe1 b5 20.Bf3 Re8 21.h3 Qb7 22.Rac1 Bb6
23.Qd2 Rxc1 24.Qxc1 Qa7 25.Re2 Bc5 26.g3 Nd7 27.Kg2 Ne5 28.Rd2 Bxf2 29.Qf1 Bc5
30.Be2 Qe7 31.Kh2 Qg5 32.Qf4 Qxf4 33.gxf4 Be3 34.Rc2 Bxf4+ 35.Kg2 Be3 36.Rc7 Rb8
37.Nb1 Bb6 38.Rc1 g6 39.Rc2 Kg7 40.Nd2 Kf6 41.a4 bxa4 42.Bxa6 Bd4 43.Nc4 Nxc4
44.Rxc4 Rxb2+ 45.Kf3 Rb3+ 46.Kg2 Ke5  0-1

[Event "10th Summer Open"]
[Site "Nice FRA"]
[Date "2003.08.07"]
[Round "5"]
[White "Bujisho,B"]
[Black "Nazeri,D"]
[Result "1-0"]
[WhiteElo "2402"]
[BlackElo "1814"]

1.e4 c5 2.Nf3 e6 3.d4 cxd4 4.Nxd4 Nc6 5.Nb5 d6 6.c4 Nf6 7.N1c3 a6 8.Na3 Be7
9.Be2 O-O 10.O-O b6 11.Be3 Bb7 12.f3 Rb8 13.Qd2 Nb4 14.Rfd1 d5 15.cxd5 exd5
16.e5 Nd7 17.f4 Nc5 18.Nc2 Nxc2 19.Qxc2 Rc8 20.Bf3 Ne6 21.Qf2 d4 22.Bxb7 dxe3
23.Qg3 Qc7 24.Bxc8 Bc5 25.Kh1 Qxc8 26.f5 Nd4 27.Rxd4 Bxd4 28.f6 g6 29.Qf4 Bxe5
30.Qxe5 Re8 31.Qf4 e2 32.Re1 Qd8 33.Rxe2  1-0

[Event "TCh-BIH"]
[Site "Neum BIH"]
[Date "2003.08.26"]
[Round "6"]
[White "Ascic,P"]
[Black "Zivanic,M"]
[Result "1/2-1/2"]
[WhiteElo "2347"]
[BlackElo "2415"]

1.e4 c5 2.Nf3 e6 3.d4 cxd4 4.Nxd4 Nc6 5.Nb5 d6 6.a4 a6 7.N5c3 Nf6 8.Be2 d5
9.exd5 exd5 10.Bf3 Be6 11.O-O Bc5 12.Bg5 O-O 13.Nd2 Be7 14.Nb3 Rc8 15.Bxf6 Bxf6
16.Nxd5 Bxb2 17.Rb1 Be5 18.Re1 Bb8 19.g3 Ne5 20.Bg2 Bg4 21.Qd2 Qd6 22.Nd4 Qc5
23.Rxb7 Rcd8 24.Nb3 Qd6 25.Nd4 Kh8 26.Reb1 Qc5 27.h4 Nc4 28.Qb4 Qxb4 29.R1xb4 Nd6
30.Re7 a5 31.Rb1 Nf5 32.Nxf5 Bxf5 33.Ne3 Bg6 34.Rb5 f5 35.Rxa5 f4 36.gxf4 Bxf4
37.h5 Bxe3 38.Rxe3 Bxc2 39.Rc3 Bd1 40.Ra3 Rd4 41.Ra7 Rdf4 42.a5 Rxf2 43.Rd7 Bg4
44.Ra7  1/2-1/2

[Event "TCh-BIH"]
[Site "Neum BIH"]
[Date "2003.08.28"]
[Round "8"]
[White "Zerdo,Mir"]
[Black "Radic,B"]
[Result "1-0"]
[WhiteElo "2151"]
[BlackElo "2154"]

1.e4 c5 2.Nf3 e6 3.d4 cxd4 4.Nxd4 Nc6 5.Nb5 d6 6.Bf4 e5 7.Be3 a6 8.N5c3 Nf6
9.Bg5 Be7 10.Bxf6 Bxf6 11.Nd2 Be6 12.Nc4 Nd4 13.Ne3 Rc8 14.Bd3 Bg5 15.Ncd5 O-O
16.O-O Kh8 17.c3 Nc6 18.Qf3 Ne7 19.Nxe7 Qxe7 20.Rfd1 g6 21.Bc2 Bxe3 22.Qxe3 f5
23.Bb3 f4 24.Qf3 Bxb3 25.axb3 Qe6 26.Rd5 g5 27.h3 Rcd8 28.Rad1 Qg6 29.Qd3 Rf6
30.Rxe5 Rg8 31.Rf5 Rgf8 32.Rxf6 Rxf6 33.Qc4 f3 34.Qc8+ Kg7 35.Qxb7+ Kh6 36.g4 Qe8
37.Rd4 Qe5 38.Qxa6 Qf4 39.Qd3 Qc1+ 40.Qd1 Qf4 41.Qd2 Qxd2 42.Rxd2 Re6 43.Rd4 Kg6
44.Kh2 Rf6 45.Kg3  1-0

[Event "VII Pablo Gorbea"]
[Site "Madrid ESP"]
[Date "2003.09.03"]
[Round "3"]
[White "Abreu,A"]
[Black "Serrano Salvador,E"]
[Result "1/2-1/2"]
[WhiteElo "2444"]
[BlackElo "2229"]

1.e4 c5 2.Nf3 e6 3.d4 cxd4 4.Nxd4 Nc6 5.Nb5 d6 6.c4 Nf6 7.N1c3 a6 8.Na3 Be7
9.Be2 O-O 10.O-O b6 11.Be3 Ne5 12.Rc1 Bb7 13.f3 Rc8 14.Qd2 Re8 15.Rfd1 Qc7
16.Bf1 Bf8 17.Qf2 Ned7 18.b4 Qb8 19.Nc2 b5 20.Na3 bxc4 21.Bxc4 d5 22.exd5  1/2-1/2

[Event "VII Pablo Gorbea"]
[Site "Madrid ESP"]
[Date "2003.09.04"]
[Round "4"]
[White "Vazquez,R"]
[Black "Rojo Huerta,G"]
[Result "1-0"]
[WhiteElo "2451"]
[BlackElo "2326"]

1.e4 c5 2.Nf3 e6 3.d4 cxd4 4.Nxd4 Nc6 5.Nb5 d6 6.Bf4 e5 7.Be3 a6 8.N5c3 Be6
9.Nd2 Nf6 10.Bg5 Be7 11.Bxf6 Bxf6 12.Nc4 Nd4 13.Ne3 Rc8 14.Bd3 Bg5 15.Ncd5 Bxe3
16.Nxe3 O-O 17.O-O Qb6 18.c3 Nc6 19.Qe2 Ne7 20.Rfd1 Rfd8 21.Rd2 Qc6 22.Qd1 h6
23.Bc2 Rd7 24.Ba4 b5 25.Bb3 Bxb3 26.axb3 Qxe4 27.Rxd6 Rxd6 28.Qxd6 Nc6 29.Qd5 Qxd5
30.Nxd5 a5 31.Rxa5 Nxa5 32.Ne7+ Kf8 33.Nxc8 Nxb3 34.Nd6 b4 35.cxb4 Ke7 36.Nc4 Ke6
37.b5 Nc5 38.b6 Na6 39.Kf1 Kd5 40.b3 f5 41.Ke2 Kd4 42.Nd6 g6 43.h4 Kd5 44.Nf7 Ke6
45.Nxh6 Kf6 46.g4 Kg7 47.g5 Nc5 48.b4 Nb7 49.Ke3 Nd6 50.Kd3  1-0

[Event "1st Misr Closed"]
[Site "Cairo EGY"]
[Date "2003.09.06"]
[Round "6"]
[White "Kveinys,A"]
[Black "Abdelnabbi,I"]
[Result "1/2-1/2"]
[WhiteElo "2539"]
[BlackElo "2455"]

1.e4 c5 2.Nf3 e6 3.d4 cxd4 4.Nxd4 Nc6 5.Nb5 d6 6.c4 Nf6 7.N1c3 a6 8.Na3 Be7
9.Be2 O-O 10.O-O b6 11.Be3 Ne5 12.f4 Ned7 13.Bf3 Bb7 14.Qe2 Qc7 15.Rac1 Rac8
16.Kh1 Qb8 17.Nab1 Rfe8 18.Nd2 Bc6 19.b4 Nf8 20.c5 dxc5 21.bxc5 Bxc5 22.Bxc5 bxc5
23.e5 Nd5 24.Nc4 Nxc3 25.Rxc3 Bb5 26.Qc2 Qc7 27.Rb1 Bxc4 28.Rxc4 Nd7 29.Rb7 Qa5
30.Qc3 Qxc3 31.Rxc3 Nb8 32.Kg1 Kf8 33.Kf2 Re7 34.Rb6 Ra7 35.Ke3 Ke7 36.a4 Nd7
37.Rb1 f6 38.Rb7 Rc7 39.exf6+ gxf6 40.Rxa7 Rxa7 41.a5 Rc7 42.Kd3 f5 43.Kc4 Nf6
44.Rb3 Ne8 45.Rb6 Nd6+ 46.Kc3 Nb5+ 47.Kc4 Nd6+ 48.Kc3 Nb5+ 49.Kc4 Nd6+  1/2-1/2